| 000 | 00598nam a2200193Ia 4500 | ||
|---|---|---|---|
| 005 | 20250508153438.0 | ||
| 008 | 008 250505s9999 xx 000 0 eng d | ||
| 037 | _aTextual | ||
| 040 |
_aFEDL _beng _cFEDL |
||
| 041 |
_aeng _2eng |
||
| 084 |
_a016.370954, NEF _qFEDL |
||
| 100 |
_aNeff Kenneth L _9763995 |
||
| 245 | 0 | _aSlected bibliography on education in South East Asia | |
| 260 |
_aWashington, USA _bU.S. Government Printing Office _c1963 |
||
| 300 | _a16p | ||
| 650 |
_aEducation-Bibliography _9762194 |
||
| 942 |
_cTEXL _h016.370954, NEF |
||
| 999 |
_c1342930 _d1342930 |
||